[Event "TUR-chT2"]
[Site "Konya"]
[Date "2017.07.10"]
[Round "3.1"]
[White "Pektas, Yigit"]
[Black "Ceylan, Imamettin"]
[Result "1-0"]
[WhiteElo "2020"]
[BlackElo "1936"]
[PlyCount "87"]
[EventDate "2017.07.09"]
[EventType "team-swiss"]
[EventRounds "9"]
[EventCountry "TUR"]
[SourceTitle "CBM 179 Extra"]
[Source "ChessBase"]
[SourceDate "2017.08.23"]
[SourceVersion "1"]
[SourceVersionDate "2017.08.23"]
[SourceQuality "1"]
[WhiteTeam "Buyuk Ustalar"]
[BlackTeam "Genclik Siirt"]
[WhiteTeamCountry "TUR"]
[BlackTeamCountry "TUR"]

1. d4 Nf6 2. Bg5 g6 3. Bxf6 exf6 4. Nf3 d6 5. g3 Bg7 6. Bg2 0-0 7. 0-0 Re8 8. c4 c6 9. e3 b6 10. b4 f5 11. Nbd2 Bb7 12. Rb1 Qc7 13. Qc2 Nd7 14. c5 dxc5 15. bxc5 bxc5 16. dxc5 a5 17. Nd4 Rad8 18. Rxb7 Qxb7 19. Nxc6 Qc7 20. Nxd8 Rxd8 21. c6 Bf8 22. Nb3 Nf6 23. Nd4 Ne8 24. Nb5 Qb6 25. c7 Rc8 26. Rb1 Nxc7 27. Nd4 Qc5 28. Qxc5 Bxc5 29. Rc1 Ne6 30. Nc6 Bf8 31. Ne7+ Bxe7 32. Rxc8+ Kg7 33. Bd5 a4 34. Kf1 a3 35. Bxe6 fxe6 36. Ke2 Kf6 37. Kd3 g5 38. f3 h5 39. e4 Bd6 40. Rc6 Ke7 41. Kd4 g4 42. fxg4 hxg4 43. exf5 exf5 44. Kd5 1-0

[Event "Manavgat Turkey Cup"]
[Site "Manavgat"]
[Date "2016.02.05"]
[Round "10"]
[White "Koltuk, Turan"]
[Black "Ceylan, Imamettin"]
[Result "0-1"]
[WhiteElo "1857"]
[BlackElo "1956"]
[PlyCount "53"]
[EventDate "2016.01.30"]
[EventType "swiss"]
[EventRounds "11"]
[EventCountry "TUR"]
[SourceTitle "CBM 170 Extra"]
[Source "ChessBase"]
[SourceDate "2016.02.25"]
[SourceVersion "1"]
[SourceVersionDate "2016.02.25"]
[SourceQuality "1"]

1. d4 Nf6 2. Nf3 g6 3. g3 Bg7 4. Bg2 d5 5. 0-0 0-0 6. c3 c6 7. Bg5 Re8 8. Qc1 Bg4 9. Bh6 Nbd7 10. Bxg7 Kxg7 11. h3 Bxf3 12. Bxf3 e5 13. e3 Ne4 14. Nd2 f5 15. Nxe4 fxe4 16. Bg2 Rf8 17. Qc2 Qe7 18. Rad1 Rf6 19. c4 exd4 20. Rxd4 Nb6 21. cxd5 cxd5 22. b3 Rc8 23. Qb2 Qc5 24. a4 a5 25. Rfd1 Qc3 26. Qxc3 Rxc3 27. b4 0-1

[Event "Malatya Golden Apricot op 2nd"]
[Site "Malatya"]
[Date "2014.06.20"]
[Round "9"]
[White "Ceylan, Imamettin"]
[Black "Gholami, Aryan"]
[Result "0-1"]
[WhiteElo "1946"]
[BlackElo "2278"]
[PlyCount "96"]
[EventDate "2014.06.15"]
[EventType "swiss"]
[EventRounds "9"]
[EventCountry "TUR"]
[SourceTitle "CBM 160 Extra"]
[Source "ChessBase"]
[SourceDate "2014.07.01"]
[SourceVersion "1"]
[SourceVersionDate "2014.07.01"]
[SourceQuality "1"]

1. e4 c5 2. Nf3 e6 3. d4 cxd4 4. Nxd4 a6 5. Bd3 Nf6 6. Nc3 Qc7 7. a3 Nc6 8. Nf3 Be7 9. h3 b5 10. Qe2 d6 11. 0-0 Bb7 12. Bg5 0-0 13. Rac1 Rac8 14. Bf4 Nd7 15. a4 b4 16. Nd1 Nc5 17. b3 Ne5 18. Bd2 Nxf3+ 19. gxf3 f5 20. exf5 exf5 21. Ne3 Qd7 22. f4 Nxd3 23. cxd3 Qe6 24. Rce1 Qh6 25. f3 Qxh3 26. Qh2 Qxh2+ 27. Kxh2 Bh4 28. Re2 a5 29. Kh3 Bd8 30. Nc4 Bc7 31. Kg3 d5 32. Ne5 Bd6 33. Rh1 Rc2 34. Reh2 h6 35. Be3 Rfc8 36. Bd4 Rxh2 37. Rxh2 Bc5 38. Bb2 Be7 39. Ng6 Bd6 40. Rg2 Kh7 41. Nh4 g5 42. Nxf5 Bxf4+ 43. Kg4 Re8 44. Kh5 Re1 45. Ng3 Bxg3 46. Rc2 Bf4 47. Bd4 Rh1+ 48. Kg4 Kg6 0-1

[Event "Malatya Golden Apricot op 2nd"]
[Site "Malatya"]
[Date "2014.06.18"]
[Round "6"]
[White "Haj Bakkor, Mohamed"]
[Black "Ceylan, Imamettin"]
[Result "0-1"]
[WhiteElo "2201"]
[BlackElo "1946"]
[PlyCount "112"]
[EventDate "2014.06.15"]
[EventType "swiss"]
[EventRounds "9"]
[EventCountry "TUR"]
[SourceTitle "CBM 160 Extra"]
[Source "ChessBase"]
[SourceDate "2014.07.01"]
[SourceVersion "1"]
[SourceVersionDate "2014.07.01"]
[SourceQuality "1"]

1. c4 e5 2. g3 g6 3. Nf3 Bg7 4. d4 exd4 5. Nxd4 Ne7 6. Bg2 0-0 7. Nc3 Nbc6 8. Nc2 Ne5 9. Ne3 d6 10. f4 Nd7 11. Qc2 Nc6 12. 0-0 Re8 13. Kh1 Nf8 14. Ned1 f5 15. e3 Be6 16. b3 Bf7 17. Bb2 Nb4 18. Qd2 c6 19. e4 Qe7 20. Nf2 Rad8 21. a3 Na6 22. Qc2 Qc7 23. Rad1 Nc5 24. Rd2 Qb6 25. b4 Nce6 26. Na4 Qa6 27. Ra1 Bxb2 28. Nxb2 c5 29. b5 Qa5 30. exf5 Nd4 31. Qd3 Nb3 32. Rdd1 Nxa1 33. Ne4 Nd7 34. Rxa1 gxf5 35. Nc3 Nf6 36. h3 d5 37. cxd5 Ne4 38. Nxe4 fxe4 39. Qe2 Qc3 40. Rg1 Bxd5 41. Nd1 Qg7 42. Ne3 Bf7 43. Nf5 Qg6 44. g4 b6 45. Re1 Qf6 46. Kh2 e3 47. Kg3 Rd2 48. Qf1 e2 49. Qf2 c4 50. Bc6 Red8 51. Rxe2 c3 52. Be4 Bc4 53. g5 Rxe2 54. gxf6 Rxf2 55. Kxf2 c2 56. Nh6+ Kf8 0-1

[Event "TUR-ch"]
[Site "Antalya"]
[Date "2013.02.09"]
[Round "11"]
[White "Demirag, Batuhan"]
[Black "Ceylan, Imamettin"]
[Result "0-1"]
[WhiteElo "1704"]
[BlackElo "1959"]
[PlyCount "70"]
[EventDate "2013.02.02"]
[EventType "swiss"]
[EventRounds "11"]
[EventCountry "TUR"]
[SourceTitle "CBM 152 Extra"]
[Source "ChessBase"]
[SourceDate "2013.02.25"]
[SourceVersion "1"]
[SourceVersionDate "2013.02.25"]
[SourceQuality "1"]

1. e4 e6 2. d4 d5 3. Nd2 c5 4. Ngf3 Nc6 5. c3 cxd4 6. cxd4 dxe4 7. Nxe4 g6 8. Bd2 Bg7 9. Bc3 Qd5 10. Ng3 Nge7 11. Bd3 0-0 12. Be4 Qd8 13. 0-0 Qb6 14. Qd2 Rd8 15. Rfd1 Bd7 16. b4 Be8 17. b5 Qxb5 18. Rab1 Qc4 19. Rxb7 Nd5 20. Rb3 Qa4 21. Ba1 a5 22. Ne2 Ncb4 23. Nc1 Rac8 24. Qb2 Nc3 25. Re1 Nxe4 26. Rxe4 Bc6 27. Rf4 Bxf3 28. gxf3 Rc2 29. Qb1 Rdc8 30. Bb2 Bh6 31. Rxb4 axb4 32. Nd3 Bxf4 33. Nxf4 b3 34. a3 Qc4 35. Kg2 Rxb2 0-1

[Event "TUR-ch"]
[Site "Antalya"]
[Date "2013.02.07"]
[Round "9"]
[White "Aksoy, Ayca"]
[Black "Ceylan, Imamettin"]
[Result "0-1"]
[WhiteElo "1707"]
[BlackElo "1959"]
[PlyCount "59"]
[EventDate "2013.02.02"]
[EventType "swiss"]
[EventRounds "11"]
[EventCountry "TUR"]
[SourceTitle "CBM 152 Extra"]
[Source "ChessBase"]
[SourceDate "2013.02.25"]
[SourceVersion "1"]
[SourceVersionDate "2013.02.25"]
[SourceQuality "1"]

1. Nf3 d5 2. d4 e6 3. c4 c6 4. e3 Bd6 5. Nc3 f5 6. c5 Bc7 7. g3 Nd7 8. Bg2 Ngf6 9. b4 0-0 10. 0-0 Ne4 11. Bd2 Qf6 12. a4 g5 13. b5 h5 14. Qe2 h4 15. gxh4 g4 16. Ng5 Nxg5 17. hxg5 Qh8 18. f4 gxf3 19. Bxf3 Rf7 20. Rf2 Nf8 21. Rg2 Ng6 22. Bh5 Rg7 23. Bxg6 Rxg6 24. Qf2 Bd7 25. bxc6 Bxc6 26. Ne2 e5 27. Qxf5 Qg7 28. Qg4 Bd7 29. Qf3 e4 30. Qh5 0-1

[Event "TUR-ch"]
[Site "Antalya"]
[Date "2013.02.06"]
[Round "7"]
[White "Ipek, Suat Sukru"]
[Black "Ceylan, Imamettin"]
[Result "0-1"]
[WhiteElo "1709"]
[BlackElo "1959"]
[PlyCount "81"]
[EventDate "2013.02.02"]
[EventType "swiss"]
[EventRounds "11"]
[EventCountry "TUR"]
[SourceTitle "CBM 152 Extra"]
[Source "ChessBase"]
[SourceDate "2013.02.25"]
[SourceVersion "1"]
[SourceVersionDate "2013.02.25"]
[SourceQuality "1"]

1. e4 e6 2. Nf3 d5 3. Nc3 Nf6 4. e5 Ng8 5. d4 c5 6. dxc5 Bxc5 7. Bd3 Nc6 8. a3 h6 9. b4 Bb6 10. Nb5 Bc7 11. Nxc7+ Qxc7 12. Bb2 Nge7 13. 0-0 Ng6 14. Bxg6 fxg6 15. Qd3 Qf7 16. c4 0-0 17. Rad1 Ne7 18. Nd4 a6 19. a4 Qf4 20. Rde1 g5 21. Bc1 Qf7 22. f4 g4 23. cxd5 Nxd5 24. Qb3 g6 25. f5 gxf5 26. Bxh6 Re8 27. g3 Bd7 28. Ne2 Nb6 29. a5 Nd5 30. Bg5 Bb5 31. Bh6 Rac8 32. Nf4 Bc4 33. Qb2 Qd7 34. Nh5 Kf7 35. Qd4 Bb5 36. Qxg4 Rg8 37. Qf3 Rc4 38. Qd3 Ke8 39. Qf3 Qf7 40. Nf6+ Nxf6 41. exf6 0-1

[Event "TUR-ch"]
[Site "Antalya"]
[Date "2013.02.05"]
[Round "6"]
[White "Ceylan, Imamettin"]
[Black "Guzelmansur, Fevzi"]
[Result "1/2-1/2"]
[WhiteElo "1959"]
[BlackElo "1584"]
[PlyCount "158"]
[EventDate "2013.02.02"]
[EventType "swiss"]
[EventRounds "11"]
[EventCountry "TUR"]
[SourceTitle "CBM 152 Extra"]
[Source "ChessBase"]
[SourceDate "2013.02.25"]
[SourceVersion "1"]
[SourceVersionDate "2013.02.25"]
[SourceQuality "1"]

1. d4 d5 2. e3 Bf5 3. Bd3 Qd7 4. Nf3 Nc6 5. Nc3 Nf6 6. Qe2 Bxd3 7. cxd3 e6 8. Ne5 Nxe5 9. dxe5 Ng8 10. 0-0 g6 11. Bd2 Bg7 12. d4 Ne7 13. Rac1 a6 14. b3 0-0 15. Na4 b6 16. Bb4 Rfc8 17. Rc2 a5 18. Bxe7 Qxe7 19. Rfc1 Qd7 20. Rc6 Bf8 21. Qc2 Bc5 22. Rxc5 bxc5 23. Nxc5 Qe7 24. Qe2 c6 25. f4 Ra7 26. Rf1 f5 27. Qb2 Kf7 28. Rc1 Qc7 29. Qa3 Qb6 30. Nd3 Qb5 31. b4 Rca8 32. Rc5 Qb6 33. Qc1 axb4 34. Rxc6 Qb7 35. Qc5 Qe7 36. Nxb4 Rb8 37. Rd6 Rc7 38. Rc6 Qxc5 39. dxc5 Rxc6 40. Nxc6 Rb1+ 41. Kf2 Rb2+ 42. Kf3 Rc2 43. Nd8+ Ke7 44. Nb7 Rxa2 45. Nd6 Rc2 46. Nb5 Rxc5 47. Nd4 Rc1 48. h3 Rh1 49. Ne2 Rf1+ 50. Kg3 Kd7 51. Nd4 h6 52. h4 Rc1 53. Kf2 Rb1 54. Kf3 Rb2 55. Ne2 Rb6 56. Nd4 Kc7 57. g4 fxg4+ 58. Kxg4 Kd7 59. h5 gxh5+ 60. Kxh5 Rb1 61. Kxh6 Rg1 62. Kh5 Rg3 63. f5 Rxe3 64. fxe6+ Ke8 65. Nc6 Rg3 66. Nd4 Rg1 67. Nf3 Rd1 68. Kg4 Ke7 69. Kf4 Kxe6 70. Ng5+ Ke7 71. Ke3 Rg1 72. Kf4 Rf1+ 73. Ke3 Rf5 74. Nf3 Rf8 75. Nd4 Rf1 76. Ke2 Ra1 77. Kd2 Ra3 78. Ke2 Kd7 79. Kd2 Rh3 1/2-1/2

[Event "TUR-ch op"]
[Site "Antalya"]
[Date "2008.02.07"]
[Round "7.19"]
[White "Ceylan, Imamettin"]
[Black "Buker, Muhittin"]
[Result "1/2-1/2"]
[WhiteElo "1914"]
[BlackElo "2166"]
[PlyCount "113"]
[EventDate "2008.02.04"]
[EventType "swiss"]
[EventRounds "11"]
[EventCountry "TUR"]
[SourceTitle "CBM 122 Extra"]
[Source "ChessBase"]
[SourceDate "2008.03.04"]
[SourceVersion "1"]
[SourceVersionDate "2008.03.04"]
[SourceQuality "1"]

1. d4 d5 2. e3 Nf6 3. Bd3 Bg4 4. f3 Bh5 5. Ne2 e6 6. 0-0 Bd6 7. c4 c6 8. Nbc3 0-0 9. f4 c5 10. b3 Nc6 11. Qd2 cxd4 12. exd4 Bb4 13. Bb2 dxc4 14. bxc4 Nxd4 15. Bxh7+ Nxh7 16. Qxd4 Qe7 17. Kh1 Rfd8 18. Qe5 Bxe2 19. Qxe2 Rac8 20. Rac1 Nf6 21. Rf3 Qc5 22. a3 Ba5 23. Nb1 Qf5 24. Rg3 Bb6 25. Be5 Ne8 26. h3 f6 27. Bb2 Rc6 28. Rf3 Bd4 29. Nc3 Kf7 30. Nb5 Bb6 31. Nc3 a6 32. Ne4 Nd6 33. Ng5+ Kg8 34. g4 Qg6 35. Nxe6 Rdc8 36. f5 Qh7 37. c5 Nf7 38. Bd4 Ba7 39. Re1 Bb8 40. Nd8 Be5 41. Nxc6 Rxc6 42. Bxe5 Nxe5 43. Rc3 Qh4 44. Kg2 Kh7 45. Qf2 Qg5 46. Kg3 b6 47. h4 Qxg4+ 48. Kh2 bxc5 49. Rg1 Qh5 50. Rcg3 Rc7 51. Qg2 Qh6 52. Kh3 c4 53. Rg6 Qe3+ 54. Qg3 Qa7 55. Rxf6 Rd7 56. Rh6+ Kxh6 57. Qg5+ 1/2-1/2

[Event "TUR-ch op"]
[Site "Antalya"]
[Date "2008.02.06"]
[Round "6.10"]
[White "Isik, Engin Yasar"]
[Black "Ceylan, Imamettin"]
[Result "1-0"]
[WhiteElo "2206"]
[BlackElo "1914"]
[PlyCount "135"]
[EventDate "2008.02.04"]
[EventType "swiss"]
[EventRounds "11"]
[EventCountry "TUR"]
[SourceTitle "CBM 122 Extra"]
[Source "ChessBase"]
[SourceDate "2008.03.04"]
[SourceVersion "1"]
[SourceVersionDate "2008.03.04"]
[SourceQuality "1"]

1. e4 e6 2. d4 d5 3. exd5 exd5 4. Qe2+ Be7 5. Nf3 Nf6 6. Nc3 0-0 7. Be3 Bb4 8. a3 Bxc3+ 9. bxc3 Bg4 10. h3 Bh5 11. g4 Bg6 12. Ne5 Ne4 13. c4 c6 14. Bg2 c5 15. Nxg6 fxg6 16. 0-0 Re8 17. Qd3 cxd4 18. Qxd4 Nc6 19. Qxd5+ Qxd5 20. cxd5 Na5 21. Rfd1 Nc4 22. Rd4 Ned6 23. Bf4 Rac8 24. Bf1 b5 25. a4 b4 26. Bxc4 Rxc4 27. Rxc4 Nxc4 28. Rd1 a5 29. Bc7 Re7 30. d6 Rd7 31. Rd4 Ne5 32. Kg2 g5 33. Rd5 Nc4 34. Rd4 Na3 35. Bxa5 Nxc2 36. Rd1 b3 37. Bc7 Na3 38. a5 Nb5 39. Rb1 Nxd6 40. Bxd6 Rxd6 41. Rxb3 Ra6 42. Ra3 Kf7 43. Kf3 Ke6 44. Ke4 g6 45. Kd4 Kd6 46. Kc4 Kc6 47. Kb4 Kb7 48. Rf3 Re6 49. Rf7+ Ka6 50. Rxh7 Re4+ 51. Kc5 Rf4 52. Rg7 Rf6 53. Kd5 Kxa5 54. Ke5 Rb6 55. Rd7 Rb3 56. Kf6 Rxh3 57. Kxg5 Rf3 58. Rd2 Kb4 59. Kxg6 Kc3 60. Re2 Kd4 61. g5 Kd5 62. Kg7 Kd6 63. g6 Rf4 64. Kg8 Kd7 65. g7 Kd8 66. Re5 Rxf2 67. Kh7 Rh2+ 68. Kg6 1-0